| 000 | 00924cam a22002531i 4500 | ||
|---|---|---|---|
| 003 | SA-RiAUC | ||
| 005 | 20241128142556.0 | ||
| 008 | 241126s1989 qa g f000 0 ara c | ||
| 040 |
_aEG-CaDAJ _bara _cSA-RiAUC _erda |
||
| 082 | 0 | 4 | _a219.1 |
| 090 |
_a219.1 _bس ف ر |
||
| 100 | 1 |
_aسفر، محمود محمد _eمؤلف. |
|
| 245 | 1 | 0 |
_aدراسة في البناء الحضاري / _cمحمود محمد سفر. |
| 250 | _aالطبعة الأولى. | ||
| 264 | 1 |
_aالدوحة : _bرئاسة المحاكم الشرعية والشؤون الدينية، _c[1989] |
|
| 300 | _a129 صفحة. | ||
| 336 |
_aنص _btxt _2rdacontent _3كتاب |
||
| 337 |
_aبدون وسيط _bn _2rdamedia |
||
| 338 |
_aمجلد _bnc _2rdacarrier |
||
| 490 | 0 |
_aكتاب الأمة ؛ _v21 |
|
| 650 | 7 |
_aالإسلام والإصلاح الاجتماعي _2aucsh |
|
| 942 |
_2ddc _cBOOK _n0 |
||
| 949 |
_aSA-JeALM _d241126 _umohamedma123 _n1 |
||
| 999 |
_c2828 _d2828 |
||